| 000 | 00404nam a2200169Ia 4500 | ||
|---|---|---|---|
| 005 | 20140402140310.0 | ||
| 008 | 140130s9999 xx 000 0 und d | ||
| 050 |
_aPZ 10.3 _b.B7656 1990 |
||
| 245 |
_cBrown, Margaret Wise _aBig Red Barn |
||
| 260 |
_bScholastic, _c1989 |
||
| 300 |
_a28 p. : _bill. ; _c25 cm. |
||
| 440 | _v1 | ||
| 521 | _aG4 | ||
| 526 | _c640 | ||
| 942 |
_cBK _2lcc |
||
| 999 |
_c40834 _d40834 |
||